000 00308nam a22001337a 4500
008 170523b xxu||||| |||| 00| 0 eng d
020 _a9780312163860
041 _aeng
080 _a94
100 _a16
101 _aSHH
245 _aTHE NUREMBERG WAR CRIMES TRIAL 1945-46
_cMARRUS, M.R
942 _2udc
_cBK
999 _c13885
_d13885